Cambiar los contenidos, cambiar la educación.
Guardat en:
| Autor principal: | |
|---|---|
| Altres autors: | , , , , |
| Format: | Llibre |
| Publicat: |
Madrid, España.
Ediciones Morata,
2018.
|
| Col·lecció: | Pedagogía. Razones y Propuestas Educativas
|
| Matèries: | |
| Etiquetes: |
Afegir etiqueta
Sense etiquetes, Sigues el primer a etiquetar aquest registre!
|
MARC
| LEADER | 00000nam a22000007a 4500 | ||
|---|---|---|---|
| 003 | CL-VaPUC | ||
| 005 | 20230705115624.0 | ||
| 008 | 200330t2018 ||||| |||| 00| 0 eng d | ||
| 020 | |a 978-84-7112-863-8 | ||
| 040 | |c Pontificia Universidad Católica de Valparaíso | ||
| 082 | 0 | 4 | |a 370.1 GIM 2018 |2 21 |
| 100 | |a Gimeno Sacristán, José |e autor |9 814227 | ||
| 245 | 1 | |a Cambiar los contenidos, cambiar la educación. | |
| 260 | 3 | |a Madrid, España. |b Ediciones Morata, |c 2018. | |
| 300 | |a 130 páginas. | ||
| 490 | 0 | |a Pedagogía. Razones y Propuestas Educativas |n 23. | |
| 583 | |c 20200330 |k Daniel Castañeda | ||
| 650 | 1 | 0 | |a Filosofía de la educación |9 258384 |
| 650 | 1 | 0 | |a Psicología educacional |9 307830 |
| 700 | 1 | |a Carbonell Sebarroja, Jaume |9 814235 |e autor | |
| 700 | 1 | |a Rodríguez Martínez, Carmen |9 814236 |e autora | |
| 700 | 1 | |a Subirats, Marina |9 814237 |e autora | |
| 700 | 1 | |a Álvarez Méndez, Juan Manuel |9 814238 |e autor | |
| 700 | 1 | |a Adell, Jordi |9 814239 |e autor | |
| 942 | |2 ddc |c BK | ||
| 999 | |c 423189 |d 423187 | ||
| 952 | |0 0 |1 0 |2 ddc |4 0 |6 370_100000000000000_GIM_2018 |7 0 |8 A |9 562203 |a BIBEDU |b BIBEDU |d 2020-03-30 |i 5618312 |o 370.1 GIM 2018 |p 5618312 |r 2020-03-30 |t 1 |w 2020-03-30 |y BK |k EPE | ||
| 952 | |0 0 |1 0 |2 ddc |4 0 |6 370_100000000000000_GIM_2018 |7 0 |8 A |9 584483 |a BIBTEO |b BIBTEO |c GEN |d 2022-07-07 |e 62 |g 12324.83 |i 5652686 |o 370.1 GIM 2018 |p 5652686 |r 2025-01-17 |t 2 |v 12324.83 |w 2022-07-07 |y BK |k ICR | ||